000
00523nam a2200121Ia 4500
008
151213s9999 xx 000 0 und d
100
_a
শ্রী দীনেশ চন্দ্র দেবনাথ।
245
_a
হিন্দু আইন।
_c
শ্রী দীনেশ চন্দ্র দেবনাথ।
260
_a
ঢাকা
_b
কামরুল বুক হাউস।
_c
2008
300
_a
2110 p.
700
_a
শ্রী দীনেশ চন্দ্র দেবনাথ।
999
_c
1557
_d
1557